| 000 | 00738cam a2200253 a 4500 | ||
|---|---|---|---|
| 001 | 3384915 | ||
| 005 | 20180301040900.0 | ||
| 008 | 880414s1989 txu b 001 0beng | ||
| 010 | _a 88042636 | ||
| 020 |
_a0870742779 : _c$24.95 |
||
| 020 |
_a0870742787 (pbk.) : _c$12.50 |
||
| 040 |
_aDLC _cDLC _dDLC |
||
| 041 | _aeng | ||
| 043 | _an-us--- | ||
| 080 | _a362.197110924 KLI | ||
| 082 | 0 | 0 |
_a362.197110924 KLI _aB _219 |
| 100 | _a4 | ||
| 101 | _aSHM | ||
| 245 | 0 | 0 |
_aDax's case : _cedited by Lonnie D. Kliever. |
| 504 | _aIncludes bibliographical references. | ||
| 906 |
_a7 _bcbc _corignew _d1 _eocip _f19 _gy-gencatlg |
||
| 942 |
_2ddc _cBK |
||
| 999 |
_c43780 _d43780 |
||